| 000 | 00326nam a22000977a 4500 | ||
|---|---|---|---|
| 999 |
_c11085 _d11085 |
||
| 008 | 180824b ||||| |||| 00| 0 eng d | ||
| 020 | _a9788178558127 | ||
| 100 |
_aGupta B L _96662 |
||
| 245 |
_aIntroductory Microeconomics - XI _bMultiple Choice, Value Based questions and Project work |
||
| 260 |
_aNew Delhi _bArya Publication _c2018 |
||